[Event "Chennai AICF (Women)"]
[Site "Chennai"]
[Date "2024.03.22"]
[Round "7"]
[White "Monnisha, GK."]
[Black "Rindhiya, V."]
[Result "1-0"]
[WhiteElo "2202"]
[BlackElo "1953"]
[PlyCount "113"]
[EventDate "2024.03.18"]
[EventType "tourn"]
[EventRounds "11"]
[EventCountry "IND"]
[SourceTitle "CB13_2024"]
[SourceDate "2024.03.27"]
[SourceVersion "1"]
[SourceVersionDate "2024.03.27"]
[SourceQuality "1"]

1. e4 e5 2. Nf3 Nc6 3. Bb5 a6 4. Ba4 Nf6 5. d3 b5 6. Bb3 Be7 7. 0-0 d6 8. c3 0-0 9. Re1 Na5 10. Bc2 c5 11. Nbd2 Nc6 12. Nf1 Re8 13. Ng3 Bf8 14. h3 g6 15. d4 cxd4 16. cxd4 exd4 17. Nxd4 Bb7 18. a4 b4 19. Bg5 h6 20. Bf4 Kh7 21. Bb3 Qd7 22. Nxc6 Bxc6 23. Qd4 Ng8 24. Qxb4 d5 25. Qd4 dxe4 26. Qxd7 Bxd7 27. Bxf7 Re7 28. Bd5 Rae8 29. Bd6 Rg7 30. Bxf8 Rxf8 31. Nxe4 Bf5 32. Nc5 a5 33. Ne6 Bxe6 34. Rxe6 Rc7 35. b3 Rc2 36. Rxg6 Ne7 37. Be4 Nxg6 38. Bxc2 Kg7 39. Bxg6 Kxg6 40. Rc1 Rb8 41. Rc5 Rxb3 42. Rxa5 Rb1+ 43. Kh2 Rb2 44. Kg3 Ra2 45. Kf3 Ra3+ 46. Kg4 Ra2 47. Ra6+ Kg7 48. Kg3 Ra3+ 49. f3 Ra2 50. a5 Kh7 51. h4 Kg7 52. Kh3 Ra3 53. h5 Kh7 54. Ra7+ Kh8 55. a6 Kg8 56. Kg4 Ra5 57. f4 1-0

[Event "Budapest FS02 Nadassy"]
[Site "Budapest"]
[Date "2024.02.10"]
[Round "7.5"]
[White "Rindhiya, V."]
[Black "Kahn, Evarth"]
[Result "1-0"]
[WhiteElo "1889"]
[BlackElo "1881"]
[PlyCount "41"]
[EventDate "2024.02.03"]
[EventType "tourn"]
[EventRounds "12"]
[EventCountry "HUN"]
[SourceTitle "CB08_2024"]
[SourceDate "2024.02.21"]
[SourceVersion "1"]
[SourceVersionDate "2024.02.21"]
[SourceQuality "1"]
[WhiteTeam "Team Lower Elo"]
[BlackTeam "Team Higher Elo"]
[WhiteTeamCountry "HUN"]
[BlackTeamCountry "HUN"]

1. e4 c5 2. Nf3 d6 3. d4 cxd4 4. Nxd4 Nf6 5. Nc3 g6 6. Be3 Bg7 7. f3 0-0 8. Qd2 Nc6 9. 0-0-0 d5 10. exd5 Nxd5 11. Nxc6 bxc6 12. Bd4 e5 13. Bc5 Be6 14. Ne4 Rb8 15. c4 Nb6 16. Bxf8 Qxf8 17. Qc2 Qb4 18. a3 Qa5 19. Qd2 Qa4 20. Nc5 Nxc4 21. Qd8+ 1-0

[Event "Budapest FS02 Nadassy"]
[Site "Budapest"]
[Date "2024.02.05"]
[Round "3.3"]
[White "Ladanyi, Tibor"]
[Black "Rindhiya, V."]
[Result "0-1"]
[WhiteElo "1967"]
[BlackElo "1889"]
[PlyCount "120"]
[EventDate "2024.02.03"]
[EventType "tourn"]
[EventRounds "12"]
[EventCountry "HUN"]
[SourceTitle "CB08_2024"]
[SourceDate "2024.02.21"]
[SourceVersion "1"]
[SourceVersionDate "2024.02.21"]
[SourceQuality "1"]
[WhiteTeam "Team Higher Elo"]
[BlackTeam "Team Lower Elo"]
[WhiteTeamCountry "HUN"]
[BlackTeamCountry "HUN"]

1. d4 Nf6 2. c4 e6 3. Nc3 Bb4 4. Nf3 b6 5. e3 Bb7 6. Bd3 c5 7. 0-0 Bxc3 8. bxc3 d6 9. Re1 Nc6 10. e4 e5 11. d5 Ne7 12. a4 Ng6 13. a5 0-0 14. Re2 Nh5 15. g3 Qd7 16. Rb2 bxa5 17. Ne1 Nf6 18. Ng2 Qc7 19. Ne3 Rfb8 20. Rba2 Bc8 21. Rxa5 Rb6 22. R5a3 a6 23. Qf3 Ne7 24. Bf1 Rab8 25. Bd3 Qd7 26. Bc2 Qh3 27. Nf5 Nxf5 28. exf5 e4 29. Bxe4 Nxe4 30. Qxe4 Bxf5 31. Qh4 Qxh4 32. gxh4 Bd3 33. Rxa6 h6 34. Bf4 Bxc4 35. Rxb6 Rxb6 36. Ra8+ Kh7 37. Rd8 Bxd5 38. f3 Bxf3 39. Bxd6 Rb2 40. Rc8 Rd2 41. Bg3 Rd5 42. Kf2 Bg4 43. Rc7 Be6 44. Ke3 Rf5 45. Ke4 Rh5 46. Bf2 Bd5+ 47. Kf4 c4 48. Rc5 g6 49. Ke3 Rf5 50. Bg3 Rf3+ 51. Ke2 Rd3 52. Be5 Be6 53. Rc7 g5 54. hxg5 hxg5 55. Rc5 Kg6 56. Kf2 Kf5 57. Bd4+ Kf4 58. Re5 Bg4 59. Re3 Rd2+ 60. Kg1 Rxd4 0-1

[Event "Budapest FS02 Nadassy"]
[Site "Budapest"]
[Date "2024.02.04"]
[Round "2.4"]
[White "Rindhiya, V."]
[Black "Kis, Bela"]
[Result "1-0"]
[WhiteElo "1889"]
[BlackElo "1892"]
[PlyCount "83"]
[EventDate "2024.02.03"]
[EventType "tourn"]
[EventRounds "12"]
[EventCountry "HUN"]
[SourceTitle "CB08_2024"]
[SourceDate "2024.02.21"]
[SourceVersion "1"]
[SourceVersionDate "2024.02.21"]
[SourceQuality "1"]
[WhiteTeam "Team Lower Elo"]
[BlackTeam "Team Higher Elo"]
[WhiteTeamCountry "HUN"]
[BlackTeamCountry "HUN"]

1. e4 e5 2. Nf3 Nc6 3. Bb5 a6 4. Ba4 Nf6 5. 0-0 Nxe4 6. Re1 Nc5 7. Bxc6 dxc6 8. Nxe5 Be7 9. d4 Nd7 10. Qe2 Nxe5 11. dxe5 0-0 12. Nc3 Bb4 13. Bd2 Bf5 14. a3 Ba5 15. b4 Bb6 16. Rac1 Bd4 17. Nb1 Bb2 18. Rcd1 Bxc2 19. Bc3 Bxd1 20. Rxd1 Qe7 21. Bxb2 a5 22. Bc3 axb4 23. axb4 Qe6 24. f4 Ra2 25. Qf3 Qb3 26. f5 Qc2 27. Nd2 Rd8 28. e6 fxe6 29. fxe6 Rf8 30. Qe2 Qxc3 31. e7 Re8 32. Qe6+ Kh8 33. Qxa2 Qe3+ 34. Kh1 Qxe7 35. Nf3 h6 36. Qd2 Ra8 37. Re1 Qd6 38. Qc3 Rf8 39. h3 Rf4 40. Re8+ Rf8 41. Re4 Qg3 42. Rg4 1-0

[Event "Western Asia-ch U20 Girls"]
[Site "Colombo"]
[Date "2023.12.05"]
[Round "9"]
[White "Bayrambayeva, Ogulsuray"]
[Black "Rindhiya, V."]
[Result "1-0"]
[WhiteElo "1909"]
[BlackElo "1876"]
[PlyCount "93"]
[EventDate "2023.11.30"]
[EventType "swiss"]
[EventRounds "9"]
[EventCountry "SRI"]
[SourceTitle "CB50_2023"]
[SourceDate "2023.12.13"]
[SourceVersion "1"]
[SourceVersionDate "2023.12.13"]
[SourceQuality "1"]

1. d4 Nf6 2. c4 e6 3. Nf3 Bb4+ 4. Nbd2 b6 5. g3 Bb7 6. Bg2 Bxd2+ 7. Bxd2 0-0 8. 0-0 d6 9. b3 Nbd7 10. Rc1 e5 11. dxe5 dxe5 12. Bc3 Re8 13. Re1 c6 14. Nh4 Nc5 15. Qc2 Qc7 16. b4 Ncd7 17. Red1 c5 18. Bxb7 Qxb7 19. b5 g6 20. Rd6 Re7 21. Rcd1 Ne8 22. R6d2 Ng7 23. Qb2 Ne6 24. Rd5 f6 25. Ng2 Ndf8 26. Rd6 Qe4 27. Ne3 Ng5 28. Ng2 Qxc4 29. Rxf6 Ne4 30. Rf3 Ne6 31. Bxe5 N6g5 32. Ne3 Nxf3+ 33. exf3 Qe6 34. Bf4 g5 35. fxe4 gxf4 36. Nf5 Rd7 37. Rxd7 Qxd7 38. Nh6+ Kf8 39. Qh8+ Ke7 40. Qxa8 f3 41. Nf5+ Kf7 42. Qd5+ Qxd5 43. exd5 Kf6 44. Ne3 Ke5 45. Kf1 c4 46. Ke1 c3 47. Kd1 1-0

[Event "Western Asia-ch U20 Girls"]
[Site "Colombo"]
[Date "2023.11.30"]
[Round "1"]
[White "Alwis, H Sandithi Kusalya"]
[Black "Rindhiya, V."]
[Result "0-1"]
[WhiteElo "1364"]
[BlackElo "1876"]
[PlyCount "132"]
[EventDate "2023.11.30"]
[EventType "swiss"]
[EventRounds "9"]
[EventCountry "SRI"]
[SourceTitle "CB50_2023"]
[SourceDate "2023.12.13"]
[SourceVersion "1"]
[SourceVersionDate "2023.12.13"]
[SourceQuality "1"]

1. e4 e5 2. Nf3 Nc6 3. Bb5 a6 4. Ba4 Nf6 5. 0-0 Be7 6. Re1 b5 7. Bb3 d6 8. c3 0-0 9. d3 Na5 10. Bc2 c5 11. d4 Qc7 12. d5 Bd7 13. h3 c4 14. Nh2 Nb7 15. f4 exf4 16. Bxf4 Rfe8 17. Qf3 Nc5 18. Nd2 a5 19. Nhf1 g6 20. Ng3 Qb6 21. Kh1 Bc8 22. Rf1 Bb7 23. Nf5 gxf5 24. Bh6 Kh8 25. Qxf5 Ncd7 26. g4 Ne5 27. Bg5 Ng8 28. Bxe7 Rxe7 29. Nf3 Nxf3 30. Rxf3 f6 31. Raf1 Rae8 32. Qf4 Re5 33. Qg3 Qc7 34. Qh4 Qg7 35. Qf2 Rf8 36. Qb6 Qd7 37. Qe3 Bxd5 38. Qd4 Bc6 39. Kh2 Rfe8 40. Rf4 Qe7 41. R1f2 Bxe4 42. Bxe4 Rxe4 43. Rxe4 Qxe4 44. Qxd6 Qe5+ 45. Qxe5 fxe5 46. Rf7 e4 47. Kg2 e3 48. Kf1 Re5 49. Ke2 Ne7 50. Rf8+ Kg7 51. Rf1 Nd5 52. Rf3 b4 53. cxb4 axb4 54. Rf1 c3 55. bxc3 Nxc3+ 56. Kd3 e2 57. Re1 Rd5+ 58. Ke3 Rd1 59. Kf2 Kf6 60. h4 Rxe1 61. Kxe1 Ke5 62. g5 Ke4 63. h5 Ke3 64. g6 Nxa2 65. g7 Nc1 66. g8Q Nd3# 0-1

[Event "Fagernes Autumn op"]
[Site "Fagernes"]
[Date "2023.10.14"]
[Round "8"]
[White "Varshini, Veileven"]
[Black "Rindhiya, V."]
[Result "1-0"]
[WhiteElo "2217"]
[BlackElo "1852"]
[PlyCount "89"]
[EventDate "2023.10.08"]
[EventType "swiss"]
[EventRounds "9"]
[EventCountry "NOR"]
[SourceTitle "Mega2024 Update 01"]
[Source "Chessbase"]
[SourceDate "2023.11.12"]
[SourceVersion "1"]
[SourceVersionDate "2023.11.12"]
[SourceQuality "1"]

1. d4 Nf6 2. Nf3 e6 3. e3 d5 4. Bd3 c5 5. b3 Nc6 6. 0-0 Bd6 7. Bb2 0-0 8. a3 Ne4 9. c4 b6 10. Nc3 Nxc3 11. Bxc3 Bb7 12. Qc2 h6 13. cxd5 exd5 14. Qb2 cxd4 15. Nxd4 Nxd4 16. Bxd4 f6 17. Rfd1 Qe7 18. b4 Be5 19. Bb1 Rfd8 20. Qc2 g5 21. Ba2 Kg7 22. Qe2 Rac8 23. h4 Rc7 24. Rd2 Rcd7 25. Rad1 Rd6 26. g3 R8d7 27. Kg2 Kf8 28. Rh1 Re6 29. Bb1 Bxd4 30. Rxd4 Rc7 31. Qf3 Qf7 32. Ba2 Rc4 33. hxg5 Rxd4 34. g6 Qxg6 35. exd4 Re4 36. Bb1 f5 37. Bxe4 dxe4 38. Qf4 e3+ 39. f3 e2 40. Qb8+ Qe8 41. Qxe8+ Kxe8 42. Kf2 Ba6 43. Rxh6 Kf7 44. Rh7+ Kf6 45. Rxa7 1-0

[Event "Fagernes Autumn op"]
[Site "Fagernes"]
[Date "2023.10.13"]
[Round "7"]
[White "Rindhiya, V."]
[Black "Lohia, Sohum"]
[Result "1-0"]
[WhiteElo "1852"]
[BlackElo "2177"]
[PlyCount "139"]
[EventDate "2023.10.08"]
[EventType "swiss"]
[EventRounds "9"]
[EventCountry "NOR"]
[SourceTitle "Mega2024 Update 01"]
[Source "Chessbase"]
[SourceDate "2023.11.12"]
[SourceVersion "1"]
[SourceVersionDate "2023.11.12"]
[SourceQuality "1"]

1. e4 e5 2. Nf3 Nc6 3. Bb5 a6 4. Ba4 Bc5 5. 0-0 Nge7 6. c3 Ng6 7. d4 Ba7 8. Bxc6 dxc6 9. Nxe5 Nxe5 10. dxe5 Qe7 11. Qh5 h6 12. Bf4 g5 13. Bg3 Bd7 14. Nd2 0-0-0 15. Nf3 Be6 16. a3 Qd7 17. h3 Bb3 18. Kh1 Qe6 19. Rfe1 Kb8 20. Re2 Bd1 21. Re1 Ba4 22. Kh2 Bb6 23. Re2 Bb5 24. Ree1 Qb3 25. Rab1 Qe6 26. Rbd1 Ba4 27. Rc1 Qa2 28. Rb1 Bb5 29. Rbd1 Bd3 30. Rd2 Bc4 31. Red1 Rde8 32. Nd4 Bxd4 33. cxd4 Rd8 34. d5 cxd5 35. Qxf7 d4 36. e6 Rc8 37. Rxd4 Bxe6 38. Qe7 Rhe8 39. Bxc7+ Ka8 40. Qd6 Qxb2 41. R1d2 Qc3 42. Bb6 Rc6 43. Qb4 Qxb4 44. Rxb4 a5 45. Bxa5 Ra6 46. Bc7 Rc8 47. Be5 Rxa3 48. Rdb2 Ra5 49. Bg7 Rc7 50. Bxh6 Rh7 51. Bf8 g4 52. Rb6 Bc8 53. Rh6 Rxh6 54. Bxh6 gxh3 55. gxh3 Ra3 56. Be3 Bd7 57. Rb6 Kb8 58. h4 Kc7 59. h5 Bc6 60. Rb4 Be8 61. h6 Bg6 62. e5 Ra8 63. Rg4 Bf5 64. Rf4 Bd3 65. Rf7+ Kc6 66. e6 Bc4 67. h7 Bxe6 68. Rf6 Kd5 69. Rxe6 Kxe6 70. Bd4 1-0

[Event "IND-ch U19 Girls"]
[Site "Ahmedabad"]
[Date "2023.09.24"]
[Round "7"]
[White "Rindhiya, V."]
[Black "Gade, Sharanya"]
[Result "1/2-1/2"]
[WhiteElo "1918"]
[BlackElo "1507"]
[PlyCount "74"]
[EventDate "2023.09.20"]
[EventType "swiss"]
[EventRounds "11"]
[EventCountry "IND"]
[SourceTitle "EXT 2024"]
[Source "ChessBase"]
[SourceDate "2023.10.10"]
[SourceVersion "1"]
[SourceVersionDate "2023.10.10"]
[SourceQuality "1"]

1. e4 c5 2. Nf3 Nc6 3. Bb5 g6 4. Bxc6 dxc6 5. d3 Bg7 6. h3 Nf6 7. Nc3 0-0 8. Be3 b6 9. Qd2 Be6 10. Bh6 c4 11. Bxg7 Kxg7 12. dxc4 Bxc4 13. Qxd8 Rfxd8 14. Ne5 Be6 15. Nxc6 Rd7 16. Ne5 Rc7 17. 0-0-0 b5 18. Rd4 a5 19. Kb1 b4 20. Na4 Ne8 21. Rhd1 Nd6 22. f4 Rb8 23. R1d2 Rbb7 24. Nd3 Nc4 25. Re2 Rb5 26. g4 f6 27. Rd8 Bf7 28. Nc1 Na3+ 29. bxa3 bxa3+ 30. Nb3 Rc4 31. Red2 Rxa4 32. R8d4 Rab4 33. Ka1 a4 34. Rxb4 Rxb4 35. Nc1 Rxe4 36. Rd3 Rc4 37. Rxa3 Rxc2 1/2-1/2

[Event "IND-ch U19 Girls"]
[Site "Ahmedabad"]
[Date "2023.09.21"]
[Round "2"]
[White "Mishra, Riya"]
[Black "Rindhiya, V."]
[Result "0-1"]
[WhiteElo "1485"]
[BlackElo "1918"]
[PlyCount "84"]
[EventDate "2023.09.20"]
[EventType "swiss"]
[EventRounds "11"]
[EventCountry "IND"]
[SourceTitle "EXT 2024"]
[Source "ChessBase"]
[SourceDate "2023.10.10"]
[SourceVersion "1"]
[SourceVersionDate "2023.10.10"]
[SourceQuality "1"]

1. e4 e5 2. Nf3 Nc6 3. Bc4 Bc5 4. d3 Nf6 5. 0-0 d6 6. h3 h6 7. c3 Bb6 8. Re1 0-0 9. Nbd2 Be6 10. Bb5 Ne7 11. Nf1 c6 12. Ba4 Ng6 13. Ng3 Nf4 14. d4 Bc7 15. Bc2 Qd7 16. Bxf4 exf4 17. Ne2 g5 18. Qd3 Rfe8 19. h4 d5 20. e5 Ne4 21. hxg5 hxg5 22. Nh2 Bf5 23. Qd1 f6 24. f3 Ng3 25. Bxf5 Qxf5 26. Ng4 Kg7 27. Nxf6 Rh8 28. Kf2 Rh4 29. Nxg3 fxg3+ 30. Ke2 Bxe5 31. dxe5 Qxe5+ 32. Kd2 Qxf6 33. Qe2 Kf7 34. Qd3 d4 35. c4 Rhh8 36. Re4 Rad8 37. Rae1 Rd7 38. c5 Rh2 39. Qc4+ Kg7 40. R1e2 d3 41. Re1 Qxb2+ 42. Ke3 Qf2# 0-1

[Event "IND-ch U19 Girls"]
[Site "Ahmedabad"]
[Date "2023.09.21"]
[Round "3"]
[White "Rindhiya, V."]
[Black "Shivani, Senthilkumar"]
[Result "1/2-1/2"]
[WhiteElo "1918"]
[BlackElo "1616"]
[PlyCount "83"]
[EventDate "2023.09.20"]
[EventType "swiss"]
[EventRounds "11"]
[EventCountry "IND"]
[SourceTitle "EXT 2024"]
[Source "ChessBase"]
[SourceDate "2023.10.10"]
[SourceVersion "1"]
[SourceVersionDate "2023.10.10"]
[SourceQuality "1"]

1. e4 e6 2. d4 d5 3. Nc3 Nf6 4. Bg5 Be7 5. e5 Nfd7 6. Bxe7 Qxe7 7. f4 a6 8. Nf3 c5 9. Qd2 Nc6 10. dxc5 0-0 11. Bd3 Nxc5 12. 0-0 h6 13. Ne2 Bd7 14. Ned4 Nxd4 15. Nxd4 Nxd3 16. cxd3 Qc5 17. Qe3 Rac8 18. Rac1 Qb6 19. b3 Rxc1 20. Rxc1 Rc8 21. Rxc8+ Bxc8 22. Kf2 Bd7 23. Ne2 Qa5 24. a4 Qb4 25. d4 b5 26. Qc3 Qxc3 27. Nxc3 bxa4 28. bxa4 a5 29. g4 Kh7 30. Ke3 Kg6 31. Nb5 h5 32. h3 hxg4 33. hxg4 f5 34. g5 Kh5 35. Kf3 Kg6 36. Ke3 Kh5 37. Nd6 Bc6 38. Nb5 Bd7 39. Nc3 Kg4 40. Nb5 Kh5 41. Kd3 Kg4 42. Ke3 1/2-1/2

[Event "Asia-ch U20 Girls"]
[Site "Jamshedpur"]
[Date "2023.09.15"]
[Round "9"]
[White "Ivanova, Anastasia2222"]
[Black "Rindhiya, V."]
[Result "0-1"]
[WhiteElo "1840"]
[BlackElo "1918"]
[PlyCount "128"]
[EventDate "2023.09.09"]
[EventType "swiss"]
[EventRounds "9"]
[EventCountry "IND"]
[SourceTitle "EXT 2024"]
[Source "ChessBase"]
[SourceDate "2023.10.10"]
[SourceVersion "1"]
[SourceVersionDate "2023.10.10"]
[SourceQuality "1"]

1. e4 e5 2. Nf3 Nc6 3. Bb5 a6 4. Bxc6 dxc6 5. 0-0 Bg4 6. h3 h5 7. d3 Bxf3 8. Qxf3 Qd7 9. Nd2 f6 10. Nc4 g5 11. Re1 0-0-0 12. Be3 Qe6 13. Rad1 Ne7 14. b3 g4 15. Qg3 Bh6 16. Bxh6 Rxh6 17. Qe3 Rg6 18. h4 g3 19. Qf3 gxf2+ 20. Kxf2 Rdg8 21. Rg1 f5 22. Qxh5 Rh6 23. Qe2 Rxh4 24. Rdf1 fxe4 25. dxe4 Ng6 26. Ke1 Kb8 27. g3 Rg4 28. Rf5 Nh4 29. Rxe5 Qh6 30. Nd2 Rxg3 31. Re8+ Rxe8 32. Rxg3 Nf5 33. Rd3 Qh1+ 34. Qf1 Qh4+ 35. Qf2 Qf6 36. c3 Qg5 37. Kd1 Nd6 38. Re3 Qc5 39. Qe2 Nb5 40. Qd3 Kc8 41. b4 Qg5 42. Kc2 c5 43. Rg3 Qe7 44. a4 Na7 45. Qe3 Qd7 46. Kb3 Nc6 47. bxc5 Na5+ 48. Kb4 Nc6+ 49. Ka3 Rd8 50. Nc4 Qd1 51. Rg1 Qc2 52. Rc1 Qg2 53. Rg1 Qc2 54. Rc1 Qh2 55. e5 Qg2 56. Qg1 Qd5 57. Qg4+ Kb8 58. e6 Qxc5+ 59. Kb2 b5 60. axb5 axb5 61. e7 Qxe7 62. Qf5 Qe2+ 63. Ka3 Qxc4 64. Qf6 Qa4+ 0-1

[Event "Asia-ch Blitz U20 Girls"]
[Site "Jamshedpur"]
[Date "2023.09.15"]
[Round "7"]
[White "Kaldarova, Ayaulym"]
[Black "Rindhiya, V."]
[Result "0-1"]
[WhiteElo "1785"]
[BlackElo "1887"]
[PlyCount "66"]
[EventDate "2023.09.15"]
[EventType "swiss (blitz)"]
[EventRounds "9"]
[EventCountry "IND"]
[SourceTitle "EXT 2024"]
[Source "ChessBase"]
[SourceDate "2023.10.10"]
[SourceVersion "1"]
[SourceVersionDate "2023.10.10"]
[SourceQuality "1"]

1. Nf3 Nf6 2. c4 e6 3. g3 d5 4. Bg2 Be7 5. 0-0 0-0 6. b3 b6 7. Bb2 Bb7 8. e3 Nbd7 9. Nc3 c5 10. Qe2 Ne4 11. cxd5 exd5 12. d4 a5 13. a4 Nxc3 14. Bxc3 Ba6 15. Qd2 Bxf1 16. Rxf1 Nf6 17. Ne5 Bd6 18. Qd3 Qc7 19. f4 Rac8 20. h3 cxd4 21. Bxd4 Bc5 22. Ba1 Rfd8 23. g4 Qe7 24. Kh2 Bd6 25. g5 Ne4 26. Bxe4 dxe4 27. Qxe4 Bxe5 28. fxe5 Rd2+ 29. Kh1 Rcc2 30. Qf4 h6 31. gxh6 g6 32. e6 Qxe6 33. Be5 Qxh3+ 0-1

[Event "Asia-ch Blitz U20 Girls"]
[Site "Jamshedpur"]
[Date "2023.09.15"]
[Round "6"]
[White "Rindhiya, V."]
[Black "Bhagyashree, Patil"]
[Result "0-1"]
[WhiteElo "1887"]
[BlackElo "1905"]
[PlyCount "80"]
[EventDate "2023.09.15"]
[EventType "swiss (blitz)"]
[EventRounds "9"]
[EventCountry "IND"]
[SourceTitle "EXT 2024"]
[Source "ChessBase"]
[SourceDate "2023.10.10"]
[SourceVersion "1"]
[SourceVersionDate "2023.10.10"]
[SourceQuality "1"]

1. e4 e5 2. Nf3 Nc6 3. Bc4 Be7 4. d4 exd4 5. c3 Na5 6. Qxd4 Nxc4 7. Qxc4 d6 8. Bf4 Nf6 9. Nbd2 0-0 10. Qb3 b6 11. 0-0 Be6 12. Qc2 Qc8 13. h3 a5 14. a4 Qb7 15. Rfe1 Rfe8 16. Nd4 Bf8 17. Bg5 Nd7 18. f4 Nc5 19. b4 axb4 20. cxb4 Na6 21. Qc3 d5 22. f5 Bxb4 23. Qd3 dxe4 24. Rxe4 Nc5 25. Qe2 Nxe4 26. Nxe4 Bxf5 27. Nxf5 Qxe4 28. Qf1 Bc5+ 29. Kh1 f6 30. Bh4 Re5 31. Rc1 Qxf5 32. Qc4+ Qe6 33. Qd3 Re8 34. Bg3 Rd5 35. Qc4 Qe4 36. Qa2 c6 37. Kh2 h6 38. Rd1 Kh7 39. Rb1 Qe2 40. Qb3 Rd2 0-1

[Event "Asia-ch Blitz U20 Girls"]
[Site "Jamshedpur"]
[Date "2023.09.15"]
[Round "9"]
[White "Rindhiya, V."]
[Black "Nurgali, Nazerke"]
[Result "1-0"]
[WhiteElo "1887"]
[BlackElo "2124"]
[PlyCount "101"]
[EventDate "2023.09.15"]
[EventType "swiss (blitz)"]
[EventRounds "9"]
[EventCountry "IND"]
[SourceTitle "EXT 2024"]
[Source "ChessBase"]
[SourceDate "2023.10.10"]
[SourceVersion "1"]
[SourceVersionDate "2023.10.10"]
[SourceQuality "1"]

1. e4 c5 2. Nf3 Nc6 3. Bb5 e6 4. 0-0 Nge7 5. Bxc6 Nxc6 6. d4 cxd4 7. Nxd4 Be7 8. Nc3 0-0 9. Be3 d6 10. Qd2 Bd7 11. f4 a6 12. f5 Ne5 13. Qe2 Rc8 14. fxe6 fxe6 15. Rxf8+ Qxf8 16. Rf1 Qe8 17. Nf3 Bf6 18. Bf4 Ng6 19. Qd2 Nxf4 20. Qxf4 Qe7 21. Rd1 Rc6 22. Kh1 b5 23. e5 dxe5 24. Nxe5 Rd6 25. Nd3 e5 26. Qe3 Bc6 27. Re1 Re6 28. Ne4 Bh4 29. g3 Bf6 30. Kg1 h6 31. Ndc5 Bxe4 32. Nxe6 Bf5 33. Nc5 Bg5 34. Qb3+ Kh7 35. Ne4 Bxe4 36. Rxe4 Qc5+ 37. Kg2 Qd6 38. Qd3 Qc6 39. Kf1 Kg8 40. h4 Bf6 41. c4 b4 42. b3 Qe6 43. Qd5 Kf7 44. Ke2 Ke7 45. Qxe6+ Kxe6 46. Kf3 Kd6 47. Re1 a5 48. Rd1+ Kc6 49. Rd5 Kb6 50. Ke4 h5 51. Rxe5 1-0

[Event "Asia-ch U20 Girls"]
[Site "Jamshedpur"]
[Date "2023.09.13"]
[Round "7"]
[White "Sanudula, KM Dahamdi"]
[Black "Rindhiya, V."]
[Result "1/2-1/2"]
[WhiteElo "1731"]
[BlackElo "1918"]
[PlyCount "33"]
[EventDate "2023.09.09"]
[EventType "swiss"]
[EventRounds "9"]
[EventCountry "IND"]
[SourceTitle "EXT 2024"]
[Source "ChessBase"]
[SourceDate "2023.10.10"]
[SourceVersion "1"]
[SourceVersionDate "2023.10.10"]
[SourceQuality "1"]

1. d4 Nf6 2. Bf4 e6 3. e3 c5 4. c3 d5 5. Bd3 Nc6 6. Nd2 Bd6 7. Bxd6 Qxd6 8. f4 0-0 9. Ngf3 b6 10. Ne5 Bb7 11. 0-0 Ne7 12. Qf3 cxd4 13. exd4 Ne8 14. Qh3 f5 15. g4 Nf6 16. gxf5 exf5 17. Bxf5 1/2-1/2

[Event "Asia-ch U20 Girls"]
[Site "Jamshedpur"]
[Date "2023.09.12"]
[Round "6"]
[White "Rindhiya, V."]
[Black "Keerti, Shree Reddy"]
[Result "0-1"]
[WhiteElo "1918"]
[BlackElo "1580"]
[PlyCount "114"]
[EventDate "2023.09.09"]
[EventType "swiss"]
[EventRounds "9"]
[EventCountry "IND"]
[SourceTitle "EXT 2024"]
[Source "ChessBase"]
[SourceDate "2023.10.10"]
[SourceVersion "1"]
[SourceVersionDate "2023.10.10"]
[SourceQuality "1"]

1. e4 c5 2. Nf3 g6 3. d4 cxd4 4. Qxd4 Nf6 5. e5 Nc6 6. Qa4 Nd5 7. Qe4 Ndb4 8. Bb5 a6 9. Ba4 b5 10. Bb3 d5 11. Qe2 Na5 12. Nd4 Nbc6 13. Nxc6 Nxc6 14. c3 Bg7 15. Bf4 0-0 16. 0-0 d4 17. Qe4 dxc3 18. Nxc3 Bb7 19. Bd5 Qb6 20. Be3 Qc7 21. Rac1 e6 22. Bxc6 Bxc6 23. Nxb5 axb5 24. Rxc6 Qb7 25. Rfc1 Rxa2 26. Qb1 Ra4 27. f4 Bh6 28. b4 Rfa8 29. Bd2 Qa7+ 30. Kh1 Ra2 31. R6c2 Ra4 32. Qb3 Ra3 33. Qb2 Qf2 34. h3 Bxf4 35. Bxf4 Qxf4 36. Rc8+ Kg7 37. Rxa8 Rxa8 38. Kg1 Qe3+ 39. Kh1 Ra3 40. Qc2 Rd3 41. Qc5 Qe4 42. Kh2 Rd5 43. Qc6 Qf4+ 44. Kh1 Qxb4 45. Qc7 Qf4 46. Re1 b4 47. Kg1 Qd4+ 48. Kh1 Qf2 49. Rb1 b3 50. Qe7 Rxe5 51. Qd6 Re2 52. Qc6 Re1+ 53. Rxe1 Qxe1+ 54. Kh2 b2 55. Qd6 b1Q 56. Qd4+ e5 57. Qc5 Qbc1 0-1

[Event "Asia-ch U20 Girls"]
[Site "Jamshedpur"]
[Date "2023.09.10"]
[Round "2"]
[White "Rindhiya, V."]
[Black "Swara, Lakshmi S Nair"]
[Result "1-0"]
[WhiteElo "1918"]
[BlackElo "1601"]
[PlyCount "119"]
[EventDate "2023.09.09"]
[EventType "swiss"]
[EventRounds "9"]
[EventCountry "IND"]
[SourceTitle "EXT 2024"]
[Source "ChessBase"]
[SourceDate "2023.10.10"]
[SourceVersion "1"]
[SourceVersionDate "2023.10.10"]
[SourceQuality "1"]

1. e4 c5 2. Nf3 d6 3. d4 cxd4 4. Nxd4 Nf6 5. Nc3 a6 6. Be3 e5 7. Nb3 Be6 8. f3 Be7 9. Qd2 Nbd7 10. g4 b5 11. g5 Nh5 12. Rg1 Nb6 13. Na5 Qc7 14. 0-0-0 Rb8 15. Nd5 Nxd5 16. exd5 Bd7 17. Qb4 0-0 18. Bd3 Rfc8 19. Nb3 g6 20. f4 exf4 21. Bxf4 a5 22. Qd2 a4 23. Nd4 Nxf4 24. Qxf4 a3 25. Rdf1 axb2+ 26. Kb1 Rf8 27. Nb3 Ra8 28. Qd4 Qa7 29. Qxb2 Qa3 30. Re1 Rfe8 31. Qxa3 Rxa3 32. Kb2 Ra7 33. Nd4 b4 34. Bb5 Bxb5 35. Nxb5 Rd7 36. Kb3 Ra8 37. Re4 f6 38. gxf6 Bxf6 39. Rxb4 Be5 40. h4 Rf7 41. a4 Rf3+ 42. c3 Rh3 43. Ra1 Rd3 44. Kc4 Rh3 45. Kb3 Rd3 46. a5 Rxd5 47. a6 Rc5 48. a7 Kf7 49. Ra6 Ke7 50. c4 h6 51. Na3 d5 52. cxd5 Rxd5 53. Nc4 Rd3+ 54. Kc2 Rc3+ 55. Kd2 Rd8+ 56. Ke2 Rc2+ 57. Ke3 Bd4+ 58. Ke4 Re2+ 59. Kd3 Re6 60. a8Q 1-0

[Event "Asia-ch Rapid U20 Girls"]
[Site "Jamshedpur"]
[Date "2023.09.08"]
[Round "9"]
[White "Nurgali, Nazerke"]
[Black "Rindhiya, V."]
[Result "1-0"]
[WhiteElo "2110"]
[BlackElo "1860"]
[PlyCount "99"]
[EventDate "2023.09.08"]
[EventType "swiss (rapid)"]
[EventRounds "9"]
[EventCountry "IND"]
[SourceTitle "EXT 2024"]
[Source "ChessBase"]
[SourceDate "2023.10.10"]
[SourceVersion "1"]
[SourceVersionDate "2023.10.10"]
[SourceQuality "1"]

1. d4 Nf6 2. Nf3 e6 3. c4 Bb4+ 4. Bd2 Qe7 5. g3 0-0 6. Bg2 Bxd2+ 7. Qxd2 d6 8. Nc3 e5 9. 0-0 Nbd7 10. e4 c6 11. Rfe1 b6 12. Rad1 Bb7 13. b3 Rad8 14. d5 cxd5 15. exd5 a5 16. Nd4 Rfe8 17. Nf5 Qf8 18. Nb5 Nc5 19. Nc7 Re7 20. Nxe7+ Qxe7 21. Nb5 Qd7 22. Nc3 Qf5 23. h3 h5 24. Qe2 Ba6 25. h4 Re8 26. Ne4 Ncxe4 27. Bxe4 Nxe4 28. Qxe4 Qxe4 29. Rxe4 f5 30. Re3 Kf7 31. f4 e4 32. Rc3 Rc8 33. Rdc1 Ke7 34. Kf2 Bb7 35. Ke3 g6 36. a3 Kd7 37. Kd4 Ra8 38. Rb1 Kc7 39. Rb2 Kd7 40. b4 axb4 41. axb4 Ra1 42. c5 dxc5+ 43. bxc5 Rd1+ 44. Ke3 Rxd5 45. cxb6 Kd8 46. Rd2 Rxd2 47. Kxd2 Ba6 48. Rc7 Bc8 49. Rg7 Ba6 50. b7 1-0